Deutsch für Ausländer. Teil 2a : Kurze Übungen /

Guardado en:
Detalles Bibliográficos
Autor principal: Kessler, Hermann (Autor)
Formato: Libro
Lenguaje:alemán
Publicado: Königswinter : Verlag für Sprachmethodik, 1968
Materias:
Etiquetas: Agregar Etiqueta
Sin Etiquetas, Sea el primero en etiquetar este registro!

MARC

LEADER 00000nam a22000003a 4500
001 stu37697
005 20150617225728.2
008 920819s1968----gw------------------ger-d
040 |a STU  |b slo 
041 0 |a ger 
044 |a gw 
080 |a 803.0  |7 stu_us_auth*stu8372 
100 1 |a Kessler, Hermann  |4 aut 
245 1 |a Deutsch für Ausländer. Teil 2a :  |b Kurze Übungen /  |c [aut.]Hermann Kessler 
260 |a Königswinter :  |b Verlag für Sprachmethodik,  |c 1968 
300 |a 64 s 
650 7 |a nemčina  |2 stusub 
996 |b 284M002793  |c M*4517/2A-1  |l MMKN  |s A  |a 24  |w stu37697_0001